| 000 | 00719nam a2200217Ia 4500 | ||
|---|---|---|---|
| 003 | GCL | ||
| 008 | 140319s9999 xx 000 0 ara d | ||
| 040 |
_aGCL / _cGCL |
||
| 082 | 0 | 4 |
_a966.52 _bا ت |
| 100 | 1 | _aنورالدين الزارارى | |
| 245 | 1 | 0 |
_aتجربة الثورة فى غينيا / _cنورالدين الزارارى |
| 700 | 1 | _aاحمد سيكوتورى | |
| 260 |
_a[S.N] : _bدار التحرير للطباعة والنشر |
||
| 300 | _a112 ص | ||
| 490 |
_aكتاب التحرير السياسى _v0 |
||
| 650 | 0 | 4 | _aغينيا |
| 650 | 0 | 4 | _aغينيا - تاريخ |
| 650 | 0 | 4 | _aغينيا - الثورة |
| 650 | 0 | 4 | _aغينيا - الاحوال السياسية |
| 942 |
_2ddc _cBK |
||
| 999 |
_c27605 _d27605 |
||